| 000 | 00403nam a2200169Ia 4500 | ||
|---|---|---|---|
| 008 | 221030s9999 xx 000 0 und d | ||
| 020 | _a8178080354 | ||
| 041 | _aEnglish | ||
| 082 |
_a105.23 _bDie |
||
| 100 | _aH. M. Dietel | ||
| 245 | 0 |
_aOperating Systems _cby H. M. Dietel |
|
| 250 | _a2nd | ||
| 260 |
_bPearson Education _aNew Delhi _c2001 |
||
| 300 | _a853 | ||
| 650 | _aBE Computer | ||
| 942 | _cBK | ||
| 999 |
_c7660 _d7660 |
||